| 000 | 00773nam a22002177a 4500 | ||
|---|---|---|---|
| 005 | 20170124110047.0 | ||
| 010 | _aB-160924 | ||
| 020 |
_c595.00 _a9788170999768 |
||
| 035 | _aB-160924 | ||
| 037 | _bCen Lib/Ret | ||
| 040 |
_aDPL _bEN |
||
| 082 |
_a613.8 _bDRU |
||
| 245 |
_aDrugs and substance abuse problems : _cedited by Madan C.Paul _binterdisciplinary studies of cause, consequences vand prevention / |
||
| 260 |
_aNew Delhi _bMittal Publications _c2005 |
||
| 270 |
_bNew Delhi _aA-110, mohan garden _e110059 |
||
| 300 |
_axiv, 302p. _c21cm(Hb) |
||
| 500 | _aIncludes appendix, bibliographical references and index | ||
| 650 |
_aMedical science _xDrugs _924728 |
||
| 650 |
_aCauses and prevention _v _924729 |
||
| 942 |
_2ddc _cEN _h613.8 _mDRU |
||
| 999 |
_c128886 _d128886 |
||